000 01017nam0a22003011 4500
001 RU\NLR\INFOCOMM_161\5000084733
005 20250613100303.0
035 _a(NLR Aleph) 009334192
090 _a9472121
_c9472121
100 _a20101017d1983 |||y0rusy50 ca
101 0 _aeng
102 _aRU
105 _ay ||||000|y
200 1 _aMarxist philosophy and our time
_fP. Fedoseyev
210 _aМосква
_cНаука
_d1983
215 _a252 с.
_d22 см
225 1 _aProblems of the contemporary world
_vN 109
320 _a"Selected bibliogr. of works by academician P. Fedoseyev, publ. in 1970-1982": с. 248-252
320 _aБиблиогр. в конце статей
606 _aМарксизм-ленинизм
_jСборники
_2nlr_sh1
686 _aА5Я43
_2rubbk
700 1 _9z02790
_aFedoseev
_bP. N.
_f1908-
_gPetr Nikolaevič
_4070
790 1 _9z02700
_aFedoseyev
_bP.
_4070
801 1 _aRU
_bNLR
_c20101017
801 0 _aRU
_bNLR
_gPSBO
852 _aNLR
_jP22/2769
942 _cBOOK
980 _aNB